Statistics for Tlatoni (Kings) of Texcoco

Click here to take the quiz!

General Stats

  • This quiz has been taken 2 times
  • The average score is 2 of 16

Answer Stats

DateAnswer% Correct
1431-1472Nezahualcoyōtl
100%
1472-1515Nezahualpilli
50%
1515-1519Cacamatzin
0%
1520-1521Coanacochtzin
0%
1519-1520Cuicuizcatl
0%
1545-1564Ihuian
0%
1408-1418Ixtlilxochitl I
0%
1521-1531Ixtlilxochitl II
0%
1298-1357Quinatzin
0%
1357-1409Techotlalatzin
0%
1521-1521Tecocoltzin
0%
1534-1539Tetlahuehuetzquititzin
0%
1540-1545Tlahuitoltzin
0%
1418-1431Tochpilli
0%
1418-1431Yancuiltzin
0%
1532-1533Yoyontzin
0%

Score Distribution

Percentile by Number Answered

Percent of People with Each Score

Your Score History

You have not taken this quiz